000 02360cam a2200289zu 4500
001 88921226
003 FRCYB88921226
005 20251020125407.0
006 m o d
007 cr un
008 251020s2021 fr | o|||||0|0|||fre d
020 _a9782416003325
035 _aFRCYB88921226
040 _aFR-PaCSA
_bfr
_c
_erda
100 1 _aSénéquier, Anne
245 0 1 _aLa géopolitique, tout simplement
_bComprendre le monde et les relations internationales
_c['Sénéquier, Anne', 'Boniface, Pascal']
264 1 _bEyrolles
_c2021
300 _a p.
336 _btxt
_2rdacontent
337 _bc
_2rdamdedia
338 _bc
_2rdacarrier
650 0 _a
700 0 _aSénéquier, Anne
700 0 _aBoniface, Pascal
856 4 0 _2Cyberlibris
_uhttps://international.scholarvox.com/netsen/book/88921226
_qtext/html
_a
520 _aCrise de la Covid-19, dérèglement climatique, montée en puissance de la Chine, retour de l'Amérique avec Biden... Chaque jour, les nouvelles du monde nous prouvent que ce qui se passe à l'extérieur de nos frontières ne nous est pas étranger. Mais comment s'y retrouver dans ce flux d'informations, sans se sentir désarmé ? Conçu comme une référence familiale, ce livre entièrement illustré constitue une introduction pédagogique et ludique à la géopolitique et aux relations internationales. Enrichi de dessins évocateurs, de photos d'archives et de cartes détaillées, il propose une approche divertissante et originale de l'actualité, selon trois axes : Des REPÈRES HISTORIQUES, car on comprend mieux les événements d'aujourd'hui quand on connaît le monde d'hier. Des FOCUS RÉGIONAUX pour cerner les problématiques spécifiques des différentes régions du monde. Des QUESTIONS CONTEMPORAINES afin de mieux appréhender les enjeux du monde actuel. S'appuyant sur une mise en page dynamique, chacun des chapitres, très structuré, vous permettra de vous informer, en fonction de votre niveau de connaissances et de votre degré de curiosité : un aperçu rapide vous permettra d'aller à l'essentiel, des zooms vous aideront à intégrer les notions clés et des approfondissements vous inviteront à aller plus loin. Attention, cet epub est un format fixed layout. Pour une bonne lisibilité, utilisez de préférence une tablette ou un smartphone.
999 _c1558172
_d1558172